000 00491nam a2200193 a 4500
001 1777027203693
003 YourLibrary
005 20260424161208.0
008 260424s2008##################000#0#eng##
020 _a9781405734509
082 0 4 _a344.410465FOR
100 1 _aFord, Michael,
_eauthor.
245 1 0 _aRedgrave's Health and Safety :
260 _c2008.
300 _a2349 pages
650 0 _aIndustrial hygiene.
942 _cENGLISH
040 _aYourLibrary
_beng
_cYourLibrary
999 _c619873
_d619873